Loading...
| History - American | 0 | 10 | 0 | 2 | 100 | 13 | 58.90 | 1 | 4 | 0.00 | 0.00 |
| History - European | 0 | 8 | 0 | 0 | 80 | 26 | 56.75 | 3 | 3 | 0.00 | 0.00 |
| History - World | 0 | 8 | 0 | 2 | 80 | 29 | 65.38 | 0 | 3 | 0.00 | 0.00 |
| History - Other | 0 | 7 | 0 | 2 | 70 | 54 | 78.71 | 1 | 3 | 0.00 | 0.00 |
| Mythology | 0 | 5 | 0 | 1 | 50 | 52 | 91.20 | 0 | 1 | 0.00 | 0.00 |
| Fine Arts - Other | 0 | 3 | 0 | 1 | 30 | 57 | 96.67 | 0 | 0 | 0.00 | 0.00 |
| Science - Other | 0 | 2 | 0 | 1 | 20 | 90 | 95.50 | 0 | 0 | 0.00 | 0.00 |
| Literature - American | 0 | 2 | 0 | 1 | 20 | 75 | 95.50 | 1 | 1 | 0.00 | 0.00 |
| Literature - British | 0 | 2 | 0 | 0 | 20 | 45 | 73.50 | 0 | 0 | 0.00 | 0.00 |
| Painting/Sculpture | 0 | 2 | 0 | 0 | 20 | 94 | 97.50 | 0 | 0 | 0.00 | 0.00 |
| Current Events | 0 | 1 | 0 | 0 | 10 | 61 | 61.00 | 0 | 0 | 0.00 | 0.00 |
| Geography | 0 | 1 | 0 | 0 | 10 | 76 | 76.00 | 0 | 0 | 0.00 | 0.00 |
| Pop Culture | 0 | 1 | 0 | 0 | 10 | 65 | 65.00 | 0 | 0 | 0.00 | 0.00 |
| Science - Physics | 0 | 1 | 1 | 0 | 5 | 82 | 82.00 | 0 | 0 | 0.00 | 0.00 |
| Religion | 0 | 0 | 1 | 0 | -5 | 0.00 | 0 | 0 | 0.00 | 0.00 | |
| Social Science | 0 | 0 | 1 | 0 | -5 | 0.00 | 0 | 0 | 0.00 | 0.00 |